00483nam a22001457a 4500020001500000040000900015082001800024100002800042245004500070260003900115650002000154942001200174999001900186952013200205 a0132540126 cNust a621..815bNOR aRobert L. Norton953948 aMachine design bAn integrated approach  aNew Jersey:bPrentice Hall.c1996. aMachine design  2ddccBK c612608d612608 00102ddc4070aCEMEbCEMEcGENd2025-01-13l1o621..815 NORpCEME- 35665q2025-12-20r2025-11-20s2025-11-20w2025-01-13yBK